00593nam a2200181Ii 450000100060000000300090000600800410001504000330005604100080008908200150009710000270011224501160013926400630025530000120031833600260033033700280035633800270038410582CO-ViMGA241108s9999||||xx |||||||||||||| ||und|| aCO-ViMGAbspaerdacCO-ViMGA0 aunk04a925.8-M87h1 aJosé Celestino Mutis10aArchivo Epistolar del sabio naturalista Don José Celestino Mutis; compilado por Guillermo Hernández de Alba 1a[Lugar de publicación no identificado] : Presencia, 1983 avolumen atextbtxt2rdacontent aunmediatedbn2rdamedia avolumebnc2rdacarrier